| 000 | 03515cam a22006734i 4500 | ||
|---|---|---|---|
| 001 | u9290 | ||
| 003 | PE-LiUPU | ||
| 005 | 20250731173546.0 | ||
| 008 | 150616s1996 xxu rb 000 0 eng d | ||
| 020 | _a1890014001 | ||
| 035 | _a(Sirsi) i9781890014001 | ||
| 040 |
_aPE-LiUPU _bspa _cPE-LiUPU _erda |
||
| 049 | _aPRUA | ||
| 082 | 0 | 4 |
_a220.77 _bK76 _221 |
| 100 | 1 |
_aKoranteng-Pipim, Samuel, _eautor. |
|
| 245 | 1 | 0 |
_aReceiving the Word : _bhow new approaches to the Bible impact our biblical faith and lifestyle / _cSamuel Koranteng-Pipim. |
| 264 | 1 |
_aBerrien Springs, Michigan : _bBerean Books, _c1996. |
|
| 300 |
_a368 páginas ; _c23 centímetros |
||
| 336 |
_atext _2rdacontent |
||
| 337 |
_aunmediated _2rdamedia |
||
| 338 |
_avolume _2rdacarrier |
||
| 504 | _aBibliografía al final de cada capítulo. | ||
| 505 | 0 | _aBackground of the crisis -- Nature of the crisis -- Response to the crisis -- Appendices. | |
| 526 | _aSEG42 | ||
| 526 | _aSEG41 | ||
| 526 | _aSEG40 | ||
| 526 | _aSEG39 | ||
| 526 | _aP94 | ||
| 526 | _aP87 | ||
| 526 | _aP86 | ||
| 526 | _aP85 | ||
| 526 | _aP77 | ||
| 526 | _aP76 | ||
| 526 | _aP35 | ||
| 596 | _a1 2 4 | ||
| 630 |
_aBiblia _xEvidencia, autoridad, etc. |
||
| 630 |
_aBiblia _xHermenéutica. |
||
| 630 |
_aBiblia _xInspiración. |
||
| 910 |
_ajck _bjvq _cjck |
||
| 942 |
_2ddc _cBOOK |
||
| 994 |
_aC0 _bPEPRU |
||
| 949 |
_a220.77 K76 1996 _wDEWEY _c1 _iFT01288 _lCCODEBUT1 _mBUT _p15.00 _r0 _sY _tBOOK _u2015-11-4 _xBIBLIOTECA _PP35 _0DONACION _o.STAFF. Colección General |
||
| 949 |
_a220.77 K76 _wDEWEY _c1 _i46549 _f2018-2-8 _g2 _lCCODEBUL1 _mBUL _r0 _sY _tBOOK _u2015-6-16 _xTEOLOGIA _zUNKNOWN _0COMPRA _o.STAFF. Colección General |
||
| 949 |
_a220.77 K76 _wDEWEY _c2 _i49941 _f2018-2-8 _g2 _lCCODEBUL1 _mBUL _r0 _sY _tBOOK _u2015-6-16 _xTEOLOGIA _zUNKNOWN _0COMPRA _o.STAFF. Colección General |
||
| 949 |
_a220.77 K76 _wDEWEY _c3 _i47173 _f2018-2-8 _g2 _lCCODEBUL1 _mBUL _r0 _sY _tBOOK _u2015-6-16 _xTEOLOGIA _zUNKNOWN _0COMPRA _o.STAFF. Colección General |
||
| 949 |
_a220.77 K76 _wDEWEY _c4 _i42762 _f2018-2-8 _g2 _lCCODEBUL1 _mBUL _r0 _sY _tBOOK _u2015-6-16 _xTEOLOGIA _zUNKNOWN _0COMPRA _o.STAFF. Colección General |
||
| 949 |
_a220.77 K76 _wDEWEY _c5 _i75663 _f2018-2-8 _g1 _lCCODEBUL1 _mBUL _p15.00 _r0 _sY _tBOOK _u2017-5-4 _xTEOLOGIA _PP85 _0DONACION _o.STAFF. Colección Teología |
||
| 999 |
_a220.77 K76 _wDEWEY _c60726 _i46549 _f2019-12-9 _g4 _lREPAIR _mBUL _r0 _sY _tBOOK _u2015-6-16 _xTEOLOGIA _zUNKNOWN _0COMPRA _o.STAFF. Colección General _d60726 |
||
| 999 |
_a220.77 K76 _wDEWEY _c2 _i49941 _f2021-11-11 _g5 _lCCODEBUL1 _mBUL _r0 _sY _tBOOK _u2015-6-16 _xTEOLOGIA _zUNKNOWN _0COMPRA _o.STAFF. Colección General |
||
| 999 |
_a220.77 K76 _wDEWEY _c4 _i42762 _f2019-12-9 _g4 _lREPAIR _mBUL _r0 _sY _tBOOK _u2015-6-16 _xTEOLOGIA _zUNKNOWN _0COMPRA _o.STAFF. Colección General |
||
| 999 |
_a220.77 K76 _wDEWEY _c5 _i75663 _f2021-11-9 _g4 _lCCODEBUL1 _mBUL _p15.00 _r0 _sY _tBOOK _u2017-5-4 _xTEOLOGIA _PP85 _0COMPRA _o.STAFF. Colección Teología |
||
| 999 |
_a220.77 K76 1996 _wDEWEY _c1 _iFT01288 _f2019-2-20 _g1 _lCCODEBUT1 _mBUT _p15.00 _r0 _sY _tBOOK _u2015-11-4 _xBIBLIOTECA _PP35 _0DONACION _o.STAFF. Colección General |
||
| 999 |
_a220.77 K76 _wDEWEY _c1 _i47173 _f2019-12-9 _g4 _lCCODECWL1 _mBWL _r1 _sY _tBOOK _u2015-6-16 _xTEOLOGIA _zUNKNOWN _0COMPRA _o.STAFF. Colección General |
||
| 980 |
_81 _gALBERTO SANCHEZ Responsable de Automatización |
||